| 000 -LEADER |
| fixed length control field |
01051nam a22002297a 4500 |
| 003 - CONTROL NUMBER IDENTIFIER |
| control field |
OSt |
| 005 - DATE AND TIME OF LATEST TRANSACTION |
| control field |
20260124090037.0 |
| 008 - FIXED-LENGTH DATA ELEMENTS--GENERAL INFORMATION |
| fixed length control field |
230623b ||||| |||| 00| 0 eng d |
| 040 ## - CATALOGING SOURCE |
| Transcribing agency |
SSBU |
| 041 ## - LANGUAGE CODE |
| Language code of text/sound track or separate title |
Shan |
| 082 ## - DEWEY DECIMAL CLASSIFICATION NUMBER |
| Classification number |
375 |
| 100 ## - MAIN ENTRY--PERSONAL NAME |
| Personal name |
ၵႃႇလိင်ႇတႃႉ |
| Titles and words associated with a name |
ဢူး၊ ၵျွင်းသြႃႇ |
| 245 ## - TITLE STATEMENT |
| Title |
မႂ်ႇသုင်လိၵ်ႈတႆးၸၼ်ႉၼိုင်ႈ |
| Statement of responsibility, etc. |
ၵျွင်းသြႃႇဢူးၵႃႇလိင်ႇတႃႉ |
| 260 ## - PUBLICATION, DISTRIBUTION, ETC. |
| Place of publication, distribution, etc. |
သီႇပေႃႉ |
| Name of publisher, distributor, etc. |
တိူၵ်ႈပေႃႉလိၵ်ႈမိၵ်ႈသိူဝ် |
| Date of publication, distribution, etc. |
1959 |
| 300 ## - PHYSICAL DESCRIPTION |
| Extent |
84 ၼႃႈ |
| Other physical details |
ႁၢင်ႈ၊ လွၵ်း |
| Dimensions |
18 ၸိၼ်ႇထီႇ |
| 500 ## - GENERAL NOTE |
| General note |
S-SAT: Dr. Prof Sai Aung Tun |
|
| General note |
ပပ်ႉၸဝ်ႈတႃႇၼႁင်းၶေႃတွၵ်ႇတိူဝ်ႇၸၢႆးဢွင်ႇထုၼ်းလူႇတၢၼ်းဝႆး |
| 650 ## - SUBJECT ADDED ENTRY--TOPICAL TERM |
| Topical term or geographic name entry element |
ပပ်ႉၵၢၼ်ႁဵၼ်း |
| 942 ## - ADDED ENTRY ELEMENTS (KOHA) |
| Koha item type |
Book (Short term) |
| 100 ## - MAIN ENTRY--PERSONAL NAME |
| 9 (RLIN) |
26593 |
| 650 ## - SUBJECT ADDED ENTRY--TOPICAL TERM |
| 9 (RLIN) |
7196 |
|
| Source of classification or shelving scheme |
|
|
| Source of classification or shelving scheme |
|